[Event "IX EICC"]
[Site "Plovdiv BUL"]
[Date "2008.04.22"]
[Round "2"]
[White "Grachev, B."]
[Black "Butnorius, A."]
[Result "1-0"]
[WhiteElo "2610"]
[BlackElo "2442"]
[PlyCount "123"]
[EventDate "2008.04.21"]
[SourceDate "1999.07.01"]

1. Nf3 Nf6 2. d4 e6 3. c4 d5 4. Bg5 Be7 5. Nc3 h6 6. Bh4 O-O 7. e3 b6 8. Be2
Bb7 9. Bxf6 Bxf6 10. cxd5 exd5 11. b4 c6 12. O-O a5 13. bxa5 Rxa5 14. Qb3 Nd7
15. Rab1 Qa8 16. a4 Re8 17. Rfc1 Bd8 18. g3 Bc7 19. Bf1 Qd8 20. Qd1 Nf6 21. Nd2
Bc8 22. Qf3 Bg4 23. Qg2 Bf5 24. Rb3 Bd6 25. h3 Bf8 26. Nf3 c5 27. Ne5 c4 28.
Nc6 Qd6 29. Nxa5 cxb3 30. Nxb3 Qa3 31. Qf3 Bg6 32. Qd1 Qb2 33. a5 bxa5 34. Nc5
Rc8 35. N3a4 Qb8 36. Bd3 Bxd3 37. Qxd3 Bxc5 38. Nxc5 Ne4 39. Rb1 Qa8 40. Nxe4
dxe4 41. Qb5 Rd8 42. Ra1 Rd5 43. Qc4 Qb7 44. Qc3 Qb6 45. Qc8+ Kh7 46. Qa8 Qb5
47. Rc1 Qd7 48. Rc4 Qf5 49. g4 Qd7 50. Rc8 a4 51. Kg2 f5 52. gxf5 Qxf5 53. Rh8+
Kg6 54. Qe8+ Kg5 55. Rf8 Qg6 56. Qxg6+ Kxg6 57. Ra8 Rg5+ 58. Kf1 Rb5 59. Ra6+
Kg5 60. Kg2 Kh4 61. Rxa4 Rb7 62. Ra5 1-0

[Event "IX EICC"]
[Site "Plovdiv BUL"]
[Date "2008.04.23"]
[Round "3"]
[White "Swiercz, D."]
[Black "Iljin, A."]
[Result "1-0"]
[WhiteElo "2413"]
[BlackElo "2556"]
[PlyCount "71"]
[EventDate "2008.04.21"]
[SourceDate "1999.07.01"]

1. Nf3 Nf6 2. c4 e6 3. d4 d5 4. Nc3 Be7 5. Bg5 O-O 6. e3 h6 7. Bh4 b6 8. Bxf6
Bxf6 9. cxd5 exd5 10. Bd3 Be6 11. e4 c5 12. e5 Be7 13. O-O Nc6 14. Bb5 Nxd4 15.
Nxd4 cxd4 16. Ne2 Bc5 17. Bd3 Qc7 18. f4 f6 19. f5 fxe5 20. b4 Bxb4 21. Qb3 Be7
22. fxe6 e4 23. Bb5 d3 24. Nc3 Rad8 25. Bd7 Qc5+ 26. Kh1 Rxf1+ 27. Rxf1 e3 28.
Nxd5 e2 29. Nxe7+ Kh8 30. Ng6+ Kh7 31. Qxd3 exf1=Q+ 32. Qxf1 Kxg6 33. e7 Rb8
34. e8=Q+ Rxe8 35. Bxe8+ Kh7 36. Bb5 1-0

[Event "IX EICC"]
[Site "Plovdiv BUL"]
[Date "2008.04.25"]
[Round "5"]
[White "Kuzubov, Y."]
[Black "Schroll, G."]
[Result "0-1"]
[WhiteElo "2603"]
[BlackElo "2410"]
[PlyCount "74"]
[EventDate "2008.04.21"]
[SourceDate "1999.07.01"]

1. d4 d5 2. c4 e6 3. Nf3 Nf6 4. Nc3 Be7 5. Bg5 O-O 6. e3 h6 7. Bh4 b6 8. cxd5
Nxd5 9. Bxe7 Qxe7 10. Nxd5 exd5 11. Rc1 Be6 12. Qa4 c5 13. Qa3 Rc8 14. Bb5 Qb7
15. dxc5 Rxc5 16. Rxc5 bxc5 17. Qxc5 Na6 18. Bxa6 Qxa6 19. Qa3 Qc4 20. Kd2 Qg4
21. Rg1 d4 22. exd4 Bd5 23. h3 Qf5 24. Re1 Rb8 25. Qc3 Bxa2 26. Re5 Qb1 27. Qc2
Qf1 28. Ke3 Qxg2 29. b4 Be6 30. d5 Rc8 31. Qd3 Bxh3 32. d6 Qh1 33. Kf4 g5+ 34.
Nxg5 hxg5+ 35. Rxg5+ Kf8 36. Qh7 Qh2+ 37. Ke4 Bg2+ 0-1

[Event "TCh-RUS Major League"]
[Site "Dagomys RUS"]
[Date "2008.04.07"]
[Round "5"]
[White "Zabotin, A."]
[Black "Iljin, A."]
[Result "1/2-1/2"]
[WhiteElo "2496"]
[BlackElo "2556"]
[PlyCount "73"]
[EventDate "2008.04.02"]
[SourceDate "1999.07.01"]

1. d4 Nf6 2. c4 e6 3. Nf3 d5 4. Nc3 Be7 5. Bg5 O-O 6. e3 h6 7. Bh4 b6 8. Qc2
Ba6 9. Bxf6 Bxf6 10. cxd5 Bxf1 11. Kxf1 exd5 12. Rd1 Qd7 13. h3 Nc6 14. g3 Ne7
15. Kg2 g6 16. b4 c6 17. a4 Rac8 18. Qb3 Qe6 19. Ne1 c5 20. bxc5 bxc5 21. Nf3
Rfd8 22. dxc5 Rxc5 23. Nb5 Nf5 24. Rc1 Qb6 25. Rxc5 Qxc5 26. Rd1 a6 27. Nbd4
Nxd4 28. Nxd4 Qc4 29. Qb6 Kg7 30. a5 Re8 31. Rd2 Re4 32. Nf3 Re6 33. Qb7 Rd6
34. Nd4 Qa4 35. Qb8 Qxa5 36. Qxd6 Qxd2 37. Qxd5 1/2-1/2

[Event "GMA1"]
[Site "Marianske Lazne CZE"]
[Date "2008.01.27"]
[Round "11"]
[White "Sergeev, Vl"]
[Black "Talla, V."]
[Result "1/2-1/2"]
[WhiteElo "2502"]
[BlackElo "2419"]
[PlyCount "67"]
[EventDate "2008.01.19"]
[SourceDate "1999.07.01"]

1. d4 d5 2. c4 e6 3. Nc3 Nf6 4. Bg5 Be7 5. e3 h6 6. Bh4 O-O 7. Nf3 b6 8. Rb1
Bb7 9. Bxf6 Bxf6 10. cxd5 exd5 11. b4 c6 12. Qb3 Nd7 13. Be2 a5 14. bxa5 Rxa5
15. a4 Ba6 16. O-O Bxe2 17. Nxe2 Qa8 18. Nc3 Be7 19. Rfc1 Ra6 20. Rc2 Re8 21.
Rbc1 Bd6 22. g3 Nf6 23. Rd1 Qa7 24. Ne2 Qd7 25. Kg2 Nh7 26. Nc3 Ng5 27. Nxg5
hxg5 28. Nb1 Re6 29. Nd2 Rh6 30. Nf1 Bf8 31. Rb2 Qa7 32. Kg1 g4 33. Qc2 Bd6 34.
Rdb1 1/2-1/2

[Event "Masters"]
[Site "Liege BEL"]
[Date "2008.01.07"]
[Round "4"]
[White "Pytel, K."]
[Black "Foisor, O."]
[Result "1/2-1/2"]
[WhiteElo "2413"]
[BlackElo "2401"]
[PlyCount "26"]
[EventDate "2008.01.03"]
[SourceDate "1999.07.01"]

1. d4 d5 2. c4 e6 3. Nc3 Nf6 4. Bg5 Be7 5. e3 h6 6. Bh4 O-O 7. Nf3 b6 8. Rc1
Bb7 9. Bd3 Nbd7 10. O-O Ne4 11. Bxe7 Qxe7 12. Qe2 c5 13. Rfd1 Rfd8 1/2-1/2

[Event "TCh-AUT 1st Bundesliga 2007-8"]
[Site "Jenbach AUT"]
[Date "2008.01.11"]
[Round "5"]
[White "Kalod, R."]
[Black "Novkovic, Mi"]
[Result "1/2-1/2"]
[WhiteElo "2490"]
[BlackElo "2413"]
[PlyCount "65"]
[EventDate "2008.01.10"]
[SourceDate "1999.07.01"]

1. c4 e6 2. Nc3 d5 3. d4 Nf6 4. Bg5 Be7 5. Nf3 h6 6. Bh4 O-O 7. e3 b6 8. Be2
Bb7 9. Bxf6 Bxf6 10. cxd5 exd5 11. b4 c6 12. O-O Re8 13. Qb3 Qd6 14. Rfd1 Nd7
15. Rac1 a5 16. b5 c5 17. dxc5 Nxc5 18. Qa3 Red8 19. Nd4 Rac8 20. Bg4 Rc7 21.
Nce2 Be5 22. g3 g6 23. Bf3 h5 24. h4 Rdc8 25. Kg2 Qf6 26. Rc2 Ne4 27. Rxc7 Rxc7
28. Qd3 Nc5 29. Qb1 Ne4 30. Qb3 Nc5 31. Qb1 Ne4 32. Qd3 Nc5 33. Qb1 1/2-1/2

[Event "38th Olympiad"]
[Site "Dresden GER"]
[Date "2008.11.13"]
[Round "1"]
[White "Neubauer, M."]
[Black "Johannessen, LE."]
[Result "1/2-1/2"]
[WhiteElo "2422"]
[BlackElo "2545"]
[PlyCount "68"]
[EventDate "2008.11.13"]
[SourceDate "1999.07.01"]

1. d4 Nf6 2. c4 e6 3. Nf3 d5 4. Nc3 Be7 5. Bg5 h6 6. Bh4 O-O 7. e3 b6 8. Bd3
Bb7 9. O-O Nbd7 10. cxd5 Nxd5 11. Bg3 c5 12. Nxd5 Bxd5 13. Qe2 cxd4 14. Nxd4
Nc5 15. Bc4 a6 16. Rfd1 Bxc4 17. Qxc4 b5 18. Qc2 Qb6 19. Rac1 b4 20. Nb3 Rac8
21. h3 Qb5 22. Bd6 Bxd6 23. Rxd6 Nxb3 24. Qxc8 Rxc8 25. Rxc8+ Kh7 26. axb3 Qe2
27. Rc1 Qxb2 28. Rf1 Qxb3 29. Rxa6 Qc2 30. Raa1 b3 31. Rac1 Qd2 32. Rcd1 Qc2
33. Rc1 Qe2 34. Rce1 Qc2 1/2-1/2

[Event "38th Olympiad"]
[Site "Dresden GER"]
[Date "2008.11.23"]
[Round "10"]
[White "Bu Xiangzhi"]
[Black "Short, N."]
[Result "1/2-1/2"]
[WhiteElo "2714"]
[BlackElo "2642"]
[PlyCount "101"]
[EventDate "2008.11.13"]
[SourceDate "1999.07.01"]

1. Nf3 d5 2. d4 Nf6 3. c4 e6 4. Nc3 Be7 5. Bg5 h6 6. Bh4 O-O 7. e3 b6 8. Bd3
Bb7 9. O-O Nbd7 10. Rc1 dxc4 11. Bxc4 a6 12. a4 Ne4 13. Nxe4 Bxe4 14. Bxe7 Qxe7
15. Bd3 Bxf3 16. Qxf3 c5 17. Rfd1 Rfd8 18. Qb7 Rdb8 19. Qc7 Rc8 20. Qf4 Nf6 21.
Be2 a5 22. Bf3 Rab8 23. h3 Rc7 24. Qe5 Rbc8 25. Rc4 cxd4 26. Rcxd4 Rc5 27. Qd6
Qxd6 28. Rxd6 b5 29. Rd8+ Rxd8 30. Rxd8+ Kh7 31. Rf8 bxa4 32. Rxf7 Rc1+ 33. Kh2
e5 34. Re7 Rc5 35. Bd1 Ne4 36. Bg4 Nxf2 37. Bf5+ Kg8 38. Be6+ Kh7 39. Bf5+ Kg8
40. Bg6 Rc8 41. Rd7 e4 42. Rd5 Nd3 43. Rb5 Nc5 44. Rxa5 Kf8 45. h4 Ke7 46. h5
Kd6 47. Rb5 Ra8 48. Rb6+ Kc7 49. Rb5 Kd6 50. Rb6+ Kc7 51. Rb5 1/2-1/2

[Event "38th Olympiad"]
[Site "Dresden GER"]
[Date "2008.11.23"]
[Round "10"]
[White "Damaso, R."]
[Black "Meier, Geo"]
[Result "0-1"]
[WhiteElo "2424"]
[BlackElo "2558"]
[PlyCount "82"]
[EventDate "2008.11.13"]
[SourceDate "1999.07.01"]

1. c4 Nf6 2. d4 e6 3. Nf3 d5 4. Nc3 Be7 5. Bg5 h6 6. Bh4 O-O 7. e3 b6 8. Bd3
Bb7 9. O-O Nbd7 10. Qe2 c5 11. cxd5 Nxd5 12. Bg3 cxd4 13. exd4 N7f6 14. Rac1
Rc8 15. Ba6 Nxc3 16. bxc3 Bxa6 17. Qxa6 Ne4 18. c4 Nxg3 19. hxg3 Rc7 20. a4 Bf6
21. Rfd1 Qc8 22. Qb5 Qd7 23. a5 Qxb5 24. cxb5 Rxc1 25. Rxc1 bxa5 26. Ra1 Bd8
27. Ne5 Bb6 28. Nc6 Ra8 29. Nxa5 Bxd4 30. Ra2 h5 31. Kf1 f6 32. Ke2 e5 33. Nc6
Bc5 34. Rc2 Bb6 35. Ra2 Kf7 36. Ra1 Rc8 37. Ra2 Rc7 38. f3 Rd7 39. Ra1 Ke6 40.
Ra2 Kd5 41. Rd2+ Bd4 0-1

[Event "ch-RUS w Superfinal"]
[Site "Moscow RUS"]
[Date "2008.12.08"]
[Round "4"]
[White "Ovod, E."]
[Black "Pogonina, N."]
[Result "0-1"]
[WhiteElo "2429"]
[BlackElo "2474"]
[PlyCount "106"]
[EventDate "2008.12.05"]
[SourceDate "1999.07.01"]

1. Nf3 Nf6 2. c4 e6 3. d4 d5 4. Nc3 Be7 5. Bg5 h6 6. Bh4 O-O 7. e3 b6 8. cxd5
Nxd5 9. Bg3 Bb7 10. Bd3 c5 11. Rc1 cxd4 12. exd4 Bd6 13. Bb1 Bxg3 14. fxg3 Ba6
15. Kf2 Nd7 16. Re1 N7f6 17. h3 Qd6 18. Qa4 Bb7 19. Nb5 Qe7 20. Na3 Rfd8 21.
Nc4 Nb4 22. Nce5 a6 23. a3 Nbd5 24. Qb3 Rac8 25. Rcd1 b5 26. Kg1 Nb6 27. g4
Nfd7 28. Qd3 Nf8 29. h4 Nc4 30. Nxc4 bxc4 31. Qe3 Bxf3 32. Qxf3 Qxh4 33. Be4
Rb8 34. Rf1 Qe7 35. Qc3 Qa7 36. Rf2 Rbc8 37. d5 exd5 38. Bxd5 Rd7 39. Rdd2 Qc5
40. Qf3 Rcc7 41. Kh1 Nh7 42. Rfe2 Nf6 43. Re5 Qb6 44. g5 hxg5 45. Rxg5 Nxd5 46.
Rdxd5 Rxd5 47. Qxd5 Rc6 48. Rh5 Rd6 49. Qxc4 Rd1+ 50. Kh2 Qd6+ 51. g3 Qd2+ 52.
Kh3 Rh1+ 53. Kg4 Qd1+ 0-1

[Event "III Open"]
[Site "Palma de Mallorca ESP"]
[Date "2008.12.12"]
[Round "7"]
[White "Arutinian, D."]
[Black "Arizmendi Martinez, J."]
[Result "1/2-1/2"]
[WhiteElo "2584"]
[BlackElo "2497"]
[PlyCount "72"]
[EventDate "2008.12.06"]
[SourceDate "1999.07.01"]

1. c4 e6 2. d4 Nf6 3. Nf3 d5 4. Nc3 Be7 5. Bg5 h6 6. Bh4 O-O 7. e3 b6 8. Bd3
Bb7 9. O-O Nbd7 10. Bg3 c5 11. cxd5 Nxd5 12. Nxd5 Bxd5 13. Rc1 cxd4 14. e4 Bb7
15. Bc7 Qe8 16. Nxd4 Bc5 17. Nb5 Qe7 18. Bb1 Ba6 19. Qa4 Bxb5 20. Qxb5 e5 21.
b4 Bxb4 22. Rcd1 Nf6 23. Bxe5 Bc5 24. Qb2 Rfe8 25. Bd4 Rad8 26. Bxc5 Qxc5 27.
Rxd8 Rxd8 28. h3 Nh5 29. Qc1 Qe5 30. f4 Qd4+ 31. Kh2 g5 32. fxg5 Qe5+ 33. Kg1
Ng3 34. Re1 Qd4+ 35. Kh2 Qe5 36. Kg1 Qd4+ 1/2-1/2

[Event "UTD Invitational GM"]
[Site "Richardson USA"]
[Date "2008.11.26"]
[Round "2"]
[White "Zivanic, M."]
[Black "Kuljasevic, D."]
[Result "1/2-1/2"]
[WhiteElo "2465"]
[BlackElo "2521"]
[PlyCount "37"]
[EventDate "2008.11.26"]
[SourceDate "1999.07.01"]

1. Nf3 Nf6 2. c4 e6 3. Nc3 d5 4. d4 Be7 5. Bg5 h6 6. Bh4 O-O 7. e3 b6 8. Bxf6
Bxf6 9. cxd5 exd5 10. Bd3 Bb7 11. O-O Nd7 12. b4 c6 13. Qb3 a6 14. a4 b5 15. e4
dxe4 16. Nxe4 Nb6 17. a5 Nd5 18. Rad1 Be7 19. Nc5 1/2-1/2

[Event "Open A"]
[Site "Groningen NED"]
[Date "2008.12.30"]
[Round "9"]
[White "Ernst, S."]
[Black "Van der Wiel, J."]
[Result "1-0"]
[WhiteElo "2576"]
[BlackElo "2501"]
[PlyCount "53"]
[EventDate "2008.12.21"]
[SourceDate "1999.07.01"]

1. d4 Nf6 2. c4 e6 3. Nf3 d5 4. Nc3 Be7 5. Bg5 O-O 6. e3 h6 7. Bh4 b6 8. Bd3
Bb7 9. O-O Nbd7 10. Qe2 c5 11. cxd5 Nxd5 12. Bg3 cxd4 13. Nxd5 Bxd5 14. Nxd4
Nc5 15. Bc2 Bd6 16. e4 Bxg3 17. hxg3 Bb7 18. Rfd1 Qe7 19. Qe3 Rfd8 20. Rd2 e5
21. Nf5 Qe6 22. Rad1 Rxd2 23. Rxd2 Qxa2 24. b4 Ne6 25. Qc3 Nd4 26. Rxd4 Rc8 27.
Rd8+ 1-0

[Event "68th ch-GEO"]
[Site "Tbilisi GEO"]
[Date "2009.01.27"]
[Round "10"]
[White "Mchedlishvili, M."]
[Black "Sanikidze, T."]
[Result "1/2-1/2"]
[WhiteElo "2619"]
[BlackElo "2522"]
[PlyCount "45"]
[EventDate "2009.01.17"]
[SourceDate "1999.07.01"]

1. d4 d5 2. c4 e6 3. Nc3 Be7 4. Nf3 Nf6 5. Bg5 h6 6. Bh4 O-O 7. e3 b6 8. Be2
Bb7 9. Bxf6 Bxf6 10. cxd5 exd5 11. b4 c5 12. bxc5 bxc5 13. Rb1 Bc6 14. O-O Nd7
15. Bb5 Qc7 16. Qd3 cxd4 17. Bxc6 Qxc6 18. Nxd4 Qc4 19. Rfd1 Rab8 20. Qxc4 dxc4
21. Kf1 Nc5 22. Nd5 Bxd4 23. Rxb8 1/2-1/2

[Event "80th ch-GER"]
[Site "Saarbruecken GER"]
[Date "2009.02.08"]
[Round "3"]
[White "Zude, A."]
[Black "Meier, Geo"]
[Result "1/2-1/2"]
[WhiteElo "2465"]
[BlackElo "2608"]
[PlyCount "60"]
[EventDate "2009.02.06"]
[SourceDate "1999.07.01"]

1. d4 e6 2. c4 Nf6 3. Nf3 d5 4. Nc3 Be7 5. Bg5 h6 6. Bh4 O-O 7. e3 b6 8. Rc1
Bb7 9. cxd5 Nxd5 10. Bxe7 Qxe7 11. Nxd5 Bxd5 12. Bc4 Bb7 13. O-O Rc8 14. Qe2 c5
15. Rfd1 cxd4 16. Nxd4 Nc6 17. Nxc6 Rxc6 18. Ba6 Rxc1 19. Rxc1 Rd8 20. Bxb7
Qxb7 21. Rd1 Rxd1+ 22. Qxd1 Qe4 23. h3 g6 24. a3 Kg7 25. Qd2 Qc4 26. Kh2 h5 27.
Qd6 Qb5 28. b4 a5 29. bxa5 bxa5 30. Qd4+ e5 1/2-1/2

[Event "It A"]
[Site "Nancy FRA"]
[Date "2009.02.19"]
[Round "5"]
[White "Krasenkow, M."]
[Black "Meier, Geo"]
[Result "1/2-1/2"]
[WhiteElo "2620"]
[BlackElo "2608"]
[PlyCount "65"]
[EventDate "2009.02.16"]
[SourceDate "1999.07.01"]

1. d4 e6 2. c4 Nf6 3. Nf3 d5 4. Nc3 Be7 5. Bg5 h6 6. Bh4 O-O 7. e3 b6 8. Rb1
Nbd7 9. cxd5 Nxd5 10. Nxd5 Bxh4 11. Nxh4 exd5 12. Nf3 Nf6 13. Bd3 Bg4 14. h3
Bxf3 15. Qxf3 c5 16. dxc5 bxc5 17. O-O Qa5 18. a3 Rab8 19. Bc2 c4 20. Qf5 Rb5
21. a4 Rb6 22. b3 cxb3 23. Rxb3 Rxb3 24. Bxb3 Rb8 25. Rc1 Qb4 26. Bxd5 Nxd5 27.
Qxd5 Qxa4 28. Rc7 Qa1+ 29. Kh2 Qf6 30. f4 Re8 31. Qc5 a5 32. Ra7 Qe6 33. Rxa5
1/2-1/2

[Event "XLII Rilton Cup"]
[Site "Stockholm SWE"]
[Date "2013.01.04"]
[Round "8.4"]
[White "Cramling, P."]
[Black "L'Ami, E."]
[Result "0-1"]
[WhiteElo "2516"]
[BlackElo "2625"]
[PlyCount "84"]
[EventDate "2012.12.27"]
[SourceDate "1999.07.01"]

1. d4 Nf6 2. c4 e6 3. Nf3 d5 4. Nc3 Be7 5. Bg5 h6 6. Bh4 O-O 7. e3 b6 8. Bxf6
Bxf6 9. cxd5 exd5 10. Qb3 Be6 11. Rd1 c5 12. dxc5 Nd7 13. Nd4 bxc5 14. Nxe6
fxe6 15. Be2 Rb8 16. Qc2 Qb6 17. Rb1 Bxc3+ 18. Qxc3 d4 19. Qd2 dxe3 20. Qxe3
Qa5+ 21. Qd2 Qxd2+ 22. Kxd2 Rxf2 23. Rhg1 Rb4 24. Ke3 Rf5 25. b3 Nb6 26. Bf3 c4
27. bxc4 Rxc4 28. Rgc1 Ra4 29. Rc2 Rfa5 30. Rd1 Nc4+ 31. Kf2 Rxa2 32. Rxa2
Rxa2+ 33. Kg3 Kf7 34. Rd7+ Kf6 35. Rc7 Ne3 36. h4 Nf5+ 37. Kh3 Ra3 38. Rd7 e5
39. Kh2 Nxh4 40. Bd5 Nf5 41. Rf7+ Kg5 42. Be4 g6 0-1

[Event "ch-CZE KO Blitz 2012"]
[Site "Prague CZE"]
[Date "2012.12.15"]
[Round "2.1"]
[White "Navara, D."]
[Black "Polak, T."]
[Result "0-1"]
[WhiteElo "2710"]
[BlackElo "2520"]
[PlyCount "54"]
[EventDate "2012.12.15"]
[EventType "blitz"]
[SourceDate "1999.07.01"]

1. d4 Nf6 2. c4 e6 3. Nf3 d5 4. Nc3 Be7 5. Bg5 h6 6. Bh4 O-O 7. e3 b6 8. Bd3
Bb7 9. O-O Nbd7 10. cxd5 Nxd5 11. Bg3 Nxc3 12. bxc3 c5 13. e4 Rc8 14. d5 exd5
15. exd5 c4 16. Bc2 Rc5 17. d6 Bf6 18. Nd4 Re8 19. Re1 Rxe1+ 20. Qxe1 Nf8 21.
Rd1 Qd7 22. h3 Ne6 23. Bf5 Bxd4 24. Bxe6 fxe6 25. Rxd4 b5 26. Be5 Rd5 27. Rg4
g5 0-1

[Event "TCh-CZE Div1 Zapad 2012-13"]
[Site "Czech Republic CZE"]
[Date "2012.11.11"]
[Round "2.1"]
[White "Rausis, I."]
[Black "Vokac, M."]
[Result "1/2-1/2"]
[WhiteElo "2511"]
[BlackElo "2471"]
[PlyCount "38"]
[EventDate "2012.10.28"]
[SourceDate "1999.07.01"]
[WhiteTeam "SK AD Jicin"]
[BlackTeam "QCC Ceske Budejovice"]

1. d4 d5 2. c4 e6 3. Nf3 Nf6 4. Bg5 Be7 5. Nc3 O-O 6. e3 h6 7. Bh4 b6 8. Bxf6
Bxf6 9. cxd5 exd5 10. Be2 Be6 11. b4 c6 12. O-O Qd6 13. Qd2 Nd7 14. Rfd1 a6 15.
a4 Rfc8 16. a5 b5 17. Rab1 Qf8 18. Na2 Be7 19. h3 Bd6 1/2-1/2

[Event "TCh-ESP CECLUB Div Honor 2012"]
[Site "Leon ESP"]
[Date "2012.11.11"]
[Round "7.3"]
[White "Van Wely, L."]
[Black "Shimanov, A."]
[Result "1/2-1/2"]
[WhiteElo "2691"]
[BlackElo "2597"]
[PlyCount "69"]
[EventDate "2012.11.05"]
[SourceDate "1999.07.01"]
[WhiteTeam "Gros Xake-Taldea"]
[BlackTeam "C.A. Reverte Albox"]

1. d4 d5 2. c4 e6 3. Nc3 Be7 4. Nf3 Nf6 5. Bg5 h6 6. Bh4 O-O 7. e3 b6 8. Be2
Bb7 9. Bxf6 Bxf6 10. cxd5 exd5 11. b4 c6 12. O-O a5 13. b5 c5 14. Ne5 Bxe5 15.
dxe5 d4 16. exd4 cxd4 17. Na4 Qg5 18. Bg4 Qxe5 19. Nxb6 Ra7 20. Rc1 Qxb5 21.
Qxd4 Nc6 22. Qe3 Qe5 23. Bf3 Qc7 24. Rc2 Rd8 25. Qc5 Ra6 26. Nd5 Qd6 27. Rb1
Ne5 28. Rxb7 Nxf3+ 29. gxf3 Qxd5 30. Qxd5 Rxd5 31. Rc8+ Kh7 32. Rxf7 Rd1+ 33.
Kg2 Rg6+ 34. Kh3 Rd2 35. Rff8 1/2-1/2

[Event "21st TCh-CRO 1b 2012"]
[Site "Sibenik CRO"]
[Date "2012.09.28"]
[Round "6.4"]
[White "Erdos, V."]
[Black "Horvath, Jo1"]
[Result "1/2-1/2"]
[WhiteElo "2643"]
[BlackElo "2532"]
[PlyCount "45"]
[EventDate "2012.09.23"]
[SourceDate "1999.07.01"]
[WhiteTeam "VARAZDIN Varazdin"]
[BlackTeam "POZEGA Pozega"]

1. d4 d5 2. c4 e6 3. Nc3 Nf6 4. Bg5 Be7 5. e3 h6 6. Bh4 O-O 7. Nf3 b6 8. Be2
Bb7 9. Bxf6 Bxf6 10. cxd5 exd5 11. b4 c5 12. bxc5 bxc5 13. Rb1 Bc6 14. O-O Nd7
15. Bb5 Qc7 16. Qd3 Rfd8 17. Rfc1 c4 18. Qf5 Nb6 19. a4 Bb7 20. a5 Nc8 21. a6
Bc6 22. Bxc6 Qxc6 23. Qc2 1/2-1/2

[Event "zt 3.5 China Men 2012"]
[Site "Beijing CHN"]
[Date "2012.09.18"]
[Round "7.1"]
[White "Lou Yiping"]
[Black "Zhou Jianchao"]
[Result "1/2-1/2"]
[WhiteElo "2412"]
[BlackElo "2590"]
[PlyCount "106"]
[EventDate "2012.09.15"]
[SourceDate "1999.07.01"]

1. d4 Nf6 2. c4 e6 3. Nc3 d5 4. Bg5 Be7 5. e3 h6 6. Bh4 O-O 7. Nf3 b6 8. cxd5
Nxd5 9. Bxe7 Qxe7 10. Nxd5 exd5 11. Rc1 Be6 12. Qa4 c5 13. Qa3 Rc8 14. Be2 Qf8
15. dxc5 bxc5 16. O-O Nd7 17. Rfd1 a5 18. Rd2 a4 19. Rdc2 Rcb8 20. Nd2 c4 21.
Qxf8+ Kxf8 22. e4 Ne5 23. exd5 Bxd5 24. Nxc4 Nxc4 25. Bxc4 Bxc4 26. Rxc4 Rxb2
27. Ra1 a3 28. Rc3 g6 29. g3 Ra6 30. Rf3 g5 31. h3 Kg7 32. Kg2 Rf6 33. Rxf6
Kxf6 34. Re1 Rxa2 35. Re3 h5 36. Kf3 Ra1 37. Kg2 Kf5 38. Kf3 Kg6 39. Rb3 h4 40.
Rb6+ f6 41. Ra6 hxg3 42. Kxg3 Kf5 43. Kf3 Ke5 44. Ra4 a2 45. Kg2 f5 46. Kh2 Kf6
47. Ra5 f4 48. Kg2 Kg6 49. Ra8 Kf5 50. Rf8+ Ke4 51. Re8+ Kf5 52. Rf8+ Ke4 53.
Re8+ Kf5 1/2-1/2

[Event "19th Graz Open 2012"]
[Site "Graz AUT"]
[Date "2012.09.01"]
[Round "8.4"]
[White "Diermair, A."]
[Black "Farago, I."]
[Result "1/2-1/2"]
[WhiteElo "2401"]
[BlackElo "2491"]
[PlyCount "45"]
[EventDate "2012.08.25"]
[SourceDate "1999.07.01"]

1. d4 Nf6 2. c4 e6 3. Nf3 d5 4. Nc3 Be7 5. Bg5 h6 6. Bh4 O-O 7. e3 b6 8. Be2
Bb7 9. Bxf6 Bxf6 10. cxd5 exd5 11. b4 c6 12. O-O Qd6 13. Rb1 Nd7 14. a4 a5 15.
bxa5 Rxa5 16. Qb3 Rfa8 17. Rfe1 Ba6 18. e4 dxe4 19. Nxe4 Qd5 20. Nxf6+ Nxf6 21.
Qxb6 Bxe2 22. Rxe2 Rxa4 23. h3 1/2-1/2

[Event "40th Olympiad Women"]
[Site "Istanbul TUR"]
[Date "2012.09.04"]
[Round "7.1"]
[White "Gunina, V."]
[Black "Socko, M."]
[Result "1/2-1/2"]
[WhiteElo "2507"]
[BlackElo "2467"]
[PlyCount "207"]
[EventDate "2012.08.28"]
[SourceDate "1999.07.01"]
[WhiteTeam "Russia"]
[BlackTeam "Poland"]
[WhiteTeamCountry "NIG"]
[BlackTeamCountry "LES"]

1. d4 d5 2. c4 e6 3. Nc3 Be7 4. Nf3 Nf6 5. Bg5 h6 6. Bh4 O-O 7. e3 b6 8. Rc1
Bb7 9. Be2 Nbd7 10. O-O c5 11. dxc5 Nxc5 12. Nd4 Nfe4 13. Bxe7 Qxe7 14. cxd5
Nxc3 15. Rxc3 Bxd5 16. f3 a5 17. e4 Bb7 18. Qc1 Rfd8 19. Qe3 e5 20. Nb3 Na4 21.
Rc2 Rac8 22. Rfc1 Rxc2 23. Rxc2 Qb4 24. Kf2 Rc8 25. Rd2 Qe7 26. g3 Nc5 27. Nxc5
Rxc5 28. Qd3 Kf8 29. a3 Rc7 30. b4 axb4 31. axb4 Bc6 32. Rb2 Bd7 33. Qd2 Be6
34. Qe3 Qd6 35. Kg2 Rd7 36. Bb5 Rd8 37. Qc3 Rc8 38. Qe3 Qd1 39. Be2 Qe1 40. Qd3
Kg8 41. Qd2 Qa1 42. f4 exf4 43. gxf4 g6 44. Qd4 Qe1 45. Qd2 Qh4 46. Qe3 Qe1 47.
Qd2 Qa1 48. Qd4 Qa3 49. Bd3 Qc3 50. Qxc3 Rxc3 51. Rd2 Bc4 52. Rc2 Rxd3 53. Rxc4
Rb3 54. h4 b5 55. Rd4 Kg7 56. Kf2 Kf6 57. Rd6+ Ke7 58. Rb6 Rxb4 59. Ke3 h5 60.
Rb7+ Kf6 61. Rb6+ Kg7 62. Rb7 Rb3+ 63. Kf2 b4 64. e5 Kf8 65. Ke2 Rh3 66. Rxb4
Rxh4 67. Kf3 Rh3+ 68. Ke4 Rg3 69. Rb8+ Kg7 70. Rb7 Rg1 71. Kf3 h4 72. Kf2 Rg4
73. Kf3 Rg3+ 74. Kf2 Kf8 75. Rb8+ Ke7 76. Rh8 g5 77. fxg5 Rxg5 78. Rxh4 Rxe5
79. Ra4 Kf6 80. Rb4 Kg5 81. Ra4 Kf5 82. Kf3 Rb5 83. Rf4+ Kg6 84. Ra4 Rb3+ 85.
Kf4 Rb1 86. Ra6+ f6 87. Kg4 Rb4+ 88. Kf3 Kg5 89. Ra3 f5 90. Rc3 Rh4 91. Kg3 Rh8
92. Rc7 Rb8 93. Rg7+ Kf6 94. Ra7 Rb3+ 95. Kf4 Rb4+ 96. Kf3 Rb1 97. Ra8 Rf1+ 98.
Kg2 Rf4 99. Kg3 Rd4 100. Kf3 Rb4 101. Rf8+ Ke6 102. Re8+ Kf7 103. Ra8 Re4 104.
Ra6 1/2-1/2

[Event "LBV Open A 2012"]
[Site "Roosendaal NED"]
[Date "2012.08.18"]
[Round "5.5"]
[White "Werle, J."]
[Black "Van der Wiel, J."]
[Result "1/2-1/2"]
[WhiteElo "2533"]
[BlackElo "2419"]
[PlyCount "74"]
[EventDate "2012.08.16"]
[SourceDate "1999.07.01"]

1. d4 Nf6 2. c4 e6 3. Nf3 d5 4. Nc3 Be7 5. Bg5 O-O 6. e3 h6 7. Bh4 b6 8. Bd3
Bb7 9. O-O Nbd7 10. Qe2 c5 11. Bg3 a6 12. cxd5 exd5 13. Rad1 b5 14. dxc5 Nxc5
15. Bc2 Qa5 16. Be5 Ncd7 17. Bd4 b4 18. Nb1 Bc6 19. Nbd2 Rfc8 20. Bd3 Bb5 21.
Ra1 Nc5 22. Bxc5 Bxd3 23. Qxd3 Qxc5 24. Nd4 g6 25. a3 Qb6 26. a4 Bf8 27. Rfc1
Bg7 28. N2b3 Ng4 29. Qe2 Ne5 30. Rc2 Rxc2 31. Qxc2 Nc4 32. Rd1 Rc8 33. g3 Bf6
34. Qe2 Re8 35. Qc2 Kg7 36. Rd3 Rc8 37. Qe2 Re8 1/2-1/2

[Event "Atalik vs Atalik Rapid"]
[Site "Halkidiki GRE"]
[Date "2012.08.08"]
[Round "4"]
[White "Atalik, E."]
[Black "Atalik, S."]
[Result "0-1"]
[WhiteElo "2453"]
[BlackElo "2606"]
[PlyCount "90"]
[EventDate "2012.08.08"]
[EventType "match"]
[SourceDate "1999.07.01"]

1. c4 e6 2. Nc3 d5 3. d4 Nf6 4. Bg5 Be7 5. e3 h6 6. Bh4 O-O 7. Nf3 b6 8. Rc1
Bb7 9. cxd5 Nxd5 10. Bxe7 Qxe7 11. Bd3 c5 12. Nxd5 Bxd5 13. dxc5 Rd8 14. O-O
bxc5 15. Qc2 Nd7 16. Bh7+ Kh8 17. Be4 c4 18. Nd4 Qf6 19. Nc6 Rdc8 20. Bxd5 exd5
21. Nb4 Qd6 22. Qf5 Nf6 23. Nc2 Qa6 24. a3 Rab8 25. Nb4 Qe6 26. Qxe6 fxe6 27.
Rc2 Ne4 28. f3 Nc5 29. e4 a5 30. Na2 Nd3 31. exd5 exd5 32. Nc3 d4 33. Na4 Nf4
34. g3 d3 35. Rd2 Ne2+ 36. Kf2 Nd4 37. Re1 Nb3 38. Rdd1 Nc5 39. Nxc5 Rxb2+ 40.
Ke3 Rxc5 41. Kd4 Rc8 42. Re5 Rc2 43. Rxa5 d2 44. Re5 c3 45. Kd3 Ra2 0-1

[Event "FSGM August 2012"]
[Site "Budapest HUN"]
[Date "2012.08.04"]
[Round "1.5"]
[White "Czebe, A."]
[Black "Varga, Zo"]
[Result "1/2-1/2"]
[WhiteElo "2491"]
[BlackElo "2476"]
[PlyCount "39"]
[EventDate "2012.08.04"]
[SourceDate "1999.07.01"]

1. c4 e6 2. Nf3 d5 3. d4 Nf6 4. Nc3 Be7 5. Bg5 O-O 6. e3 h6 7. Bh4 b6 8. cxd5
Nxd5 9. Bxe7 Qxe7 10. Nxd5 exd5 11. Rc1 Be6 12. Qa4 c5 13. Qa3 Rc8 14. Bb5 a6
15. dxc5 bxc5 16. O-O Ra7 17. Be2 Nd7 18. Rfd1 a5 19. h3 Kf8 20. Rd2 1/2-1/2